Über die Hautallergie gegen Pilze bei mykotischem Ekzem (die Bedeutung- der Pilze in der Ätiologie des Ekzems /

Elmentve itt :
Bibliográfiai részletek
Szerző: Dósa András
Dokumentumtípus: Cikk
Megjelent: 1937
Sorozat:Kolligátum
Kulcsszavak:Bőrgyógyászat - gombabetegségek, Bőrgyógyászat - ekcéma
Online Access:http://misc.bibl.u-szeged.hu/25523
LEADER 00661nab a2200169 i 4500
001 misc25523
005 20191108150255.0
008 170726s1937 hu o 0|| zxx d
040 |a SZTE Miscellanea Repozitórium  |b hun 
041 |a zxx 
100 1 |a Dósa András 
245 1 0 |a Über die Hautallergie gegen Pilze bei mykotischem Ekzem   |h [elektronikus dokumentum] :  |b (die Bedeutung- der Pilze in der Ätiologie des Ekzems /  |c  Dósa András 
260 |c 1937 
300 |a 1326-1329 
490 0 |a Kolligátum 
695 |a Bőrgyógyászat - gombabetegségek, Bőrgyógyászat - ekcéma 
856 4 0 |u http://misc.bibl.u-szeged.hu/25523/1/017_011_1326-1329.pdf  |z Dokumentum-elérés